Every Song by Deep Purple - Statistics

General Stats
  • This quiz has been taken 36 times
  • The average score is 49 of 217
Answer Stats
Album Song % Correct
Machine Head(1972) Smoke on the Water
96%
Machine Head(1972) Highway Star
91%
Burn(1974) Burn
87%
Fireball(1971) Fireball
87%
Perfect Strangers(1984) Perfect Strangers
87%
Deep Purple in Rock(1970) Child in Time
78%
Who Do We Think We Are(1973) Woman from Tokyo
78%
Stormbringer(1974) Stormbringer
74%
Machine Head(1972) Space Truckin'
70%
Deep Purple in Rock(Bonus)(1970) Black Night
65%
Machine Head(1972) Maybe I'm a Leo
65%
Perfect Strangers(1984) Knocking at Your Back Door
61%
Machine Head(1972) Lazy
61%
Burn(1974) Mistreated
61%
Deep Purple in Rock(1970) Speed King
61%
Fireball(1971) The Mule
61%
Machine Head(Bonus)(1972) When a Blind Man Cries
61%
Fireball(1971) Demon's Eye
57%
Stormbringer(1974) Soldier of Fortune
57%
Fireball(Bonus)(1971) Strange Kind of Woman
57%
Fireball(1971) Anyone's Daughter
52%
Deep Purple in Rock(1970) Flight of the Rat
52%
Shades of Deep Purple(1968) Mandrake Root
52%
Burn(1974) Might Just Take Your Life
52%
Stormbringer(1974) The Gypsy
52%
Burn(1974) A' 200
48%
Bananas(2003) Bananas
48%
Stormbringer(1974) Lady Double Dealer
48%
Burn(1974) Lay Down, Stay Down
48%
Fireball(1971) No No No
48%
Burn(1974) Sail Away
48%
Come Taste the Band(1975) Lady Luck
43%
Who Do We Think We Are(1973) Rat Bat Blue
43%
Burn(1974) What's Goin' On Here
43%
Deep Purple(1969) Blind
39%
Deep Purple in Rock(1970) Bloodsucker
39%
Come Taste the Band(1975) Dealer
39%
Perfect Strangers(1984) Mean Streak
39%
The Battle Rages On...(1993) The Battle Rages On
39%
Burn(1974) You Fool No One
39%
Come Taste the Band(1975) You Keep On Moving
39%
Perfect Strangers(1984) A Gypsy's Kiss
35%
The Book of Taliesyn(1968) Anthem
35%
The Battle Rages On...(1993) Anya
35%
Come Taste the Band(1975) Comin' Home
35%
Deep Purple in Rock(1970) Hard Lovin' Man
35%
Machine Head(1972) Never Before
35%
Come Taste the Band(1975) Owed to 'G'
35%
Machine Head(1972) Pictures of Home
35%
The Book of Taliesyn(1968) Wring That Neck
35%
Deep Purple(1969) April
30%
The House of Blue Light(1987) Bad Attitude
30%
Non-Album(1969) Hallelujah
30%
Deep Purple in Rock(1970) Into the Fire
30%
Shades of Deep Purple(1968) | Whoosh!(2020) And the Address
26%
Deep Purple in Rock(1970) Living Wreck
26%
The House of Blue Light(1987) Mad Dog
26%
Perfect Strangers(1984) Nobody's Home
26%
Fireball(1971) No One Came
26%
Who Do We Think We Are(Bonus)(1973) Painted Horse
26%
Rapture of the Deep(2005) Rapture of the Deep
26%
Who Do We Think We Are(1973) Smooth Dancer
26%
Purpendicular(1996) Sometimes I Feel Like Screaming
26%
Perfect Strangers(1984) Wasted Sunsets
26%
Slaves and Masters(1990) Breakfast in Bed
22%
The House of Blue Light(1987) Dead or Alive
22%
Come Taste the Band(1975) Drifter
22%
Slaves and Masters(1990) Fire in the Basement
22%
Fireball(1971) Fools
22%
Stormbringer(1974) High Ball Shooter
22%
Stormbringer(1974) Hold On
22%
Perfect Strangers(1984) Hungry Daze
22%
Slaves and Masters(1990) King of Dreams
22%
Who Do We Think We Are(1973) Mary Long
22%
The House of Blue Light(1987) Mitzi Dupree
22%
Shades of Deep Purple(1968) One More Rainy Day
22%
Who Do We Think We Are(1973) Place in Line
22%
The Battle Rages On...(1993) Ramshackle Man
22%
The Battle Rages On...(1993) Solitaire
22%
Perfect Strangers(Bonus)(1984) Son of Alerik
22%
Slaves and Masters(1990) The Cut Runs Deep
22%
The House of Blue Light(1987) The Unwritten Law
22%
Perfect Strangers(1984) Under the Gun
22%
Purpendicular(1996) Vavoom: Ted the Mechanic
22%
Abandon(1998) 69
17%
Deep Purple(1969) Bird Has Flown
17%
The House of Blue Light(1987) Call of the Wild
17%
Deep Purple(1969) Chasing Shadows
17%
Bananas(2003) Contact Lost
17%
Rapture of the Deep(2005) Girls Like That
17%
The House of Blue Light(1987) Hard Lovin' Woman
17%
Purpendicular(1996) Hey Cisco
17%
Stormbringer(1974) Holy Man
17%
Rapture of the Deep(2005) Junkyard Blues
17%
The Book of Taliesyn(1968) Listen, Learn, Read On
17%
Purpendicular(1996) Loosen My Strings
17%
Stormbringer(1974) Love Don't Mean a Thing
17%
Shades of Deep Purple(1968) Love Help Me
17%
The Battle Rages On...(1993) Nasty Piece of Work
17%
Perfect Strangers(Bonus)(1984) Not Responsible
17%
The Battle Rages On...(1993) One Man's Meat
17%
Who Do We Think We Are(1973) Our Lady
17%
The Book of Taliesyn(1968) Shield
17%
The House of Blue Light(1987) Strangeways
17%
Who Do We Think We Are(1973) Super Trouper
17%
Deep Purple(1969) The Painter
17%
Purpendicular(1996) The Purpendicular Waltz
17%
The House of Blue Light(1987) The Spanish Archer
17%
The Battle Rages On...(1993) Time to Kill
17%
Bananas(2003) Walk On
17%
Deep Purple(1969) Why Didn't Rosemary?
17%
Stormbringer(1974) You Can't Do It Right (With the One You Love)
17%
Purpendicular(1996) A Castle Full of Rascals
13%
The Book of Taliesyn(1968) (a) Exposition
13%
Abandon(1998) Any Fule Kno That
13%
Abandon(1998) Bludsucker
13%
Purpendicular(1996) Cascades: I'm Not Your Lover
13%
Rapture of the Deep(2005) Clearly Quite Absurd
13%
Bananas(2003) Doing It Tonight
13%
Abandon(1998) Don't Make Me Happy
13%
Abandon(1998) Evil Louie
13%
Deep Purple(1969) Fault Line
13%
Abandon(1998) Fingers to the Bone
13%
Slaves and Masters(1990) Fortuneteller
13%
Come Taste the Band(1975) Gettin' Tighter
13%
Bananas(2003) Haunted
13%
The Book of Taliesyn(Bonus)(1968) Hey Bop a Re Bop
13%
Bananas(2003) House of Pain
13%
Bananas(2003) I Got Your Number
13%
The Book of Taliesyn(Bonus)(1968) It's All Over
13%
Abandon(1998) Jack Ruby
13%
Rapture of the Deep(2005) Kiss Tomorrow Goodbye
13%
The Battle Rages On...(1993) Lick It Up
13%
Slaves and Masters(1990) Love Conquers All
13%
Rapture of the Deep(2005) Money Talks
13%
Bananas(2003) Never a Word
13%
Purpendicular(1996) Rosa's Cantina
13%
Shades of Deep Purple(Bonus)(1968) Shadows
13%
Fireball(Bonus)(1971) Slow Train
13%
Purpendicular(1996) Somebody Stole My Guitar
13%
Purpendicular(1996) Soon Forgotten
13%
The Battle Rages On...(1993) Talk About Love
13%
Rapture of the Deep(Bonus)(2005) The Well-Dressed Guitar
13%
Come Taste the Band(1975) This Time Around
13%
Now What?!(2013) Vincent Price
13%
Slaves and Masters(1990) Wicked Ways
13%
Rapture of the Deep(2005) Wrong Man
13%
Abandon(1998) Almost Human
9%
Purpendicular(1996) A Touch Away
9%
The Battle Rages On...(1993) A Twist in the Tale
9%
Rapture of the Deep(2005) Back to Back
9%
Rapture of the Deep(2005) Before Time Began
9%
The House of Blue Light(1987) Black & White
9%
Now What?!(2013) Blood from a Stone
9%
Come Taste the Band(Bonus)(1975) Bolin/Paice Jam
9%
Burn(Bonus)(1974) Coronarias Redig
9%
Purpendicular(Bonus)(1996) Don't Hold Your Breath
9%
Deep Purple(Bonus)(1969) Emmaretta
9%
Who Do We Think We Are(Bonus)(1973) First Day Jam
9%
Fireball(Bonus)(1971) Freedom
9%
Now What?!(2013) Hell to Pay
9%
infinite(2017) Hip Boots
9%
Fireball(Bonus)(1971) I'm Alone
9%
Come Taste the Band(1975) I Need Love
9%
infinite(2017) Johnny's Band
9%
Come Taste the Band(1975) Love Child
9%
Whoosh!(2020) Man Alive
9%
Rapture of the Deep(Bonus)(2005) MTV
9%
The Book of Taliesyn(Bonus)(1968) Oh No No No
9%
infinite(2017) One Night in Vegas
9%
Bananas(2003) Picture of Innocence
9%
The Book of Taliesyn(Bonus)(1968) Playground
9%
Shades of Deep Purple(1968) Prelude: Happiness
9%
Bananas(2003) Razzle Dazzle
9%
Abandon(1998) Seventh Heaven
9%
Abandon(1998) She Was
9%
Bananas(2003) Silver Tongue
9%
Slaves and Masters(Bonus)(1990) Slow Down Sister
9%
Bananas(2003) Sun Goes Down
9%
Purpendicular(1996) The Aviator
9%
infinite(2017) The Surprising
9%
Whoosh!(2020) Throw My Bones
9%
infinite(2017) Time for Bedlam
9%
Slaves and Masters(1990) Too Much is Not Enough
9%
Slaves and Masters(1990) Truth Hurts
9%
Abandon(1998) Watching the Sky
9%
Now What?!(2013) Weirdistan
9%
Abandon(1998) Whatsername
9%
Whoosh!(2020) What the What
9%
Now What?!(2013) Above and Beyond
4%
infinite(2017) All I Got is You
4%
Now What?!(2013) All the Time in the World
4%
Now What?!(2013) Après Vous
4%
Now What?!(2013) A Simple Song
4%
infinite(2017) Birds of Prey
4%
Now What?!(2013) Body Line
4%
Whoosh!(Bonus)(2020) Dancing in My Sleep
4%
Rapture of the Deep(2005) Don't Let Go
4%
Whoosh!(2020) Drop the Weapon
4%
Slaves and Masters(Bonus)(1990) Fire, Ice & Dynamite
4%
infinite(2017) Get Me Outta Here
4%
Whoosh!(2020) No Need to Shout
4%
Whoosh!(2020) Nothing at All
4%
infinite(2017) On Top of the World
4%
Now What?!(2013) Out of Hand
4%
Come Taste the Band(Bonus)(1975) Same in LA
4%
Whoosh!(2020) Step by Step
4%
Rapture of the Deep(Bonus)(2005) Things I Never Said
4%
Now What?!(2013) Uncommon Man
4%
Whoosh!(2020) We're All the Same in the Dark
4%
Now What?!(Bonus)(2013) First Sign of Madness
0%
infinite(Bonus)(2017) Paradise Bar
0%
Whoosh!(2020) Remission Possible
0%
infinite(Bonus)(2017) Simple Folk
0%
Whoosh!(2020) The Long Way Round
0%
Whoosh!(2020) The Power of the Moon
0%
No matching quizzes found
Score Distribution
Percent of People with Each Score
Percentile by Number Answered
Your Score History
You have not taken this quiz